Менеджмент библиотеки: как планировать и вести переговоры с партнерами

Dades bibliogràfiques
Autor corporatiu: Государственная публичная научно-техническая библиотека России (ГПНТБ России)
Altres autors: Ястребова Е. М. Елена Михайловна (составитель)
Sumari:В пособии подробно рассмотрена процедура и особенности переговорного процесса по различным проблемам биб-лиотечно-информационной деятельности. Большое внимание уделено раскрытию видов деловых бесед, а также практических приемов корректного поведения в споре и полемике во время переговоров. Предназначено для управленцев всех уровней в библиотеках различной ведомственной принадлежности; может быть полезно в переговорной деятельности некоммерческих организаций.
Idioma:rus
Publicat: Москва, Изд-во ГПНТБ, 2009
Matèries:
Format: MixedMaterials Llibre
KOHA link:https://koha.lib.tpu.ru/cgi-bin/koha/opac-detail.pl?biblionumber=187112

MARC

LEADER 00000nam0a2200000 4500
001 187112
005 20231101224037.0
010 |a 9785856381350 
035 |a (RuTPU)RU\TPU\book\203035 
090 |a 187112 
100 |a 20101110d2009 k y0rusy50 ca 
101 0 |a rus 
102 |a RU 
105 |a y z 001zy 
200 1 |a Менеджмент библиотеки: как планировать и вести переговоры с партнерами  |f Государственная публичная научно-техническая библиотека России (ГПНТБ России) ; сост. Е. М. Ястребова 
210 |a Москва  |c Изд-во ГПНТБ  |d 2009 
215 |a 152 с. 
320 |a Библиогр.: с. 132. 
330 |a В пособии подробно рассмотрена процедура и особенности переговорного процесса по различным проблемам биб-лиотечно-информационной деятельности. Большое внимание уделено раскрытию видов деловых бесед, а также практических приемов корректного поведения в споре и полемике во время переговоров. Предназначено для управленцев всех уровней в библиотеках различной ведомственной принадлежности; может быть полезно в переговорной деятельности некоммерческих организаций. 
606 1 |a Библиотечный менеджмент  |2 stltpush  |3 (RuTPU)RU\TPU\subj\68182  |9 83665 
610 1 |a библиотеки 
610 1 |a библиотечное дело 
610 1 |a управление 
610 1 |a переговорный процесс 
610 1 |a переговоры 
610 1 |a подготовка 
610 1 |a проведение 
610 1 |a практические приемы 
610 1 |a убеждение 
610 1 |a психология 
686 |a Ч737  |v LBC/SL-A  |2 rubbk 
702 1 |a Ястребова  |b Е. М.  |g Елена Михайловна  |4 220 
712 0 2 |a Государственная публичная научно-техническая библиотека России (ГПНТБ России)  |c (Москва)  |2 stltpush  |3 (RuTPU)RU\TPU\col\12 
801 1 |a RU  |b 63413507  |c 20101110 
801 2 |a RU  |b 63413507  |c 20220714  |g RCR 
942 |c BK 
959 |a 81/20101108  |d 1  |e 100,00  |f НМО:1